Women, literacy and development / (Record no. 35973)
[ view plain ]
| 000 -LEADER | |
|---|---|
| fixed length control field | 00554nam a22001811a 4500 |
| 003 - CONTROL NUMBER IDENTIFIER | |
| control field | NEGST |
| 005 - DATE AND TIME OF LATEST TRANSACTION | |
| control field | 20110718132112.0 |
| 008 - FIXED-LENGTH DATA ELEMENTS--GENERAL INFORMATION | |
| fixed length control field | 030714s1976 nyu 001 0 eng d |
| 245 00 - TITLE STATEMENT | |
| Title | Women, literacy and development / |
| Statement of responsibility, etc | I.I.A.L.M. |
| Medium | [Text] |
| 260 ## - PUBLICATION, DISTRIBUTION, ETC. (IMPRINT) | |
| Place of publication, distribution, etc | New York |
| Name of publisher, distributor, etc | I.I.A.L.M. |
| Date of publication, distribution, etc | 1976 |
| 300 ## - PHYSICAL DESCRIPTION | |
| Extent | 172p. |
| 490 0# - SERIES STATEMENT | |
| Series statement | Literacy discussion series ; |
| Volume number/sequential designation | Vol. 6; no. 4 |
| 590 ## - LOCAL NOTE (RLIN) | |
| Local note | Accession number: 25627 |
| 650 #0 - SUBJECT ADDED ENTRY--TOPICAL TERM | |
| Topical term or geographic name as entry element | Women |
| General subdivision | Education. |
| 650 #0 - SUBJECT ADDED ENTRY--TOPICAL TERM | |
| Topical term or geographic name as entry element | Adult education |
| General subdivision | Women. |
| 710 2# - ADDED ENTRY--CORPORATE NAME | |
| Corporate name or jurisdiction name as entry element | International Institute for Adult Literacy Methods. |
| Withdrawn status | Lost status | Source of classification or shelving scheme | Damaged status | Not for loan | Collection code | Home library | Current library | Shelving location | Date acquired | Cost, normal purchase price | Total Checkouts | Full call number | Barcode | Date last seen | Copy number | Price effective from | Koha item type |
|---|---|---|---|---|---|---|---|---|---|---|---|---|---|---|---|---|---|
| Library of Congress Classification | General Circulation | AIU/NEGST - Tony Wilmot Memorial Library | AIU/NEGST - Tony Wilmot Memorial Library | General Stacks | 02/08/2010 | 10.00 | LC 158.W661976 1976 | R06473Y3232 | 09/02/2019 | 1 | 02/08/2010 | Books |
